000 00795nam a2200229 i 4500
001 58275
003 ES-MaACL
005 20250824213657.0
007 t|
008 031021s1981 sp |||| |dspa d
100 1 _aDuff, David.
_945890
245 1 0 _aEugenia de Montijo y Napoleón III /
_cDavid Duff ; [versión de Dolores Carmen Morales Muñiz].
260 _aMadrid :
_bRialp,
_c[1981]
300 _a391 p. ;
_c20 cm.
490 1 _aLibros de historia ;
_v5
600 0 4 _aEugenia
_cEmperatriz consorte de Napoleón III, Emperador de Francia.
_948322
600 0 4 _aNapoleón
_bIII
_cEmperador de Francia.
_984912
700 1 _aMorales Muñiz, Dolores Carmen.
_983058
830 0 0 _aLibros de historia Rialp
_v5
_9227690
852 _aES-MaACL
_jL-1252
999 _c58275
_d58275